00528pab a2200157 454500008004000000100001800040245007000058260000900128300001000137362000900147650002800156773006000184909000900244999001500253952010200268180718b1988 xxu||||| |||| 00| 0 eng d aMontias, J.M. aOn the centralisation and decentralisation of economic activities c1988 a51-68 aApr. aCentralisation - U.S.A. aInternational Journal of Development Planing Literature a5211 c5211d5211 00104070aIIPAbIIPAd2018-07-19hVolume no: 3, Issue no: 2pAR5217r2018-07-19w2018-07-19yAR